Gaming Quiz

Random Gaming or Video Games Quiz

Worst Video Games of All Time Quiz Stats

 Plays Quiz not verified by Sporcle

Challenge
Share
Tweet
Embed
Score 0/30 Timer 06:00
0 Plays Today
Year Game % Correct
1982E.T. the Extra-Terrestrial
87.2%
1999Superman
56.1%
1982Pac-Man
42.2%
1993Zelda: The Wand of Gamelon
36.3%
1993Link: The Faces of Evil
31.1%
1982Custer's Revenge
29.1%
2003Big Rigs: Over the Road Racing
24.9%
1995Waterworld
21.1%
1991Action 52
20.8%
2006Sonic the Hedgehog (2006)
20.8%
2003Aquaman: Battle for Atlantis
16.3%
2003Charlie's Angels
14.2%
2000Daikatana
13.8%
2007Ninjabread Man
13.1%
2007Game Party
11.4%
Year Game % Correct
1997Bubsy 3D: Furbitten Planet
10.7%
1994Shaq Fu
10.4%
1995White Men Can't Jump
9.7%
1996Catfight
8%
2005Elf Bowling 1 & 2
8%
2005Peter Jackson's King Kong: The Official Game of the Movie
6.2%
2007Deal or No Deal
6.2%
2006Bomberman: Act Zero
5.5%
2005*Crazybus
4.8%
2001Kabuki Warriors
4.2%
1998Extreme Paintbrawl
3.8%
2003RoboCop
1.4%
2004Bad Boys: Miami Takedown
1.4%
2003Barbie Horse Adventures: Wild Horse Rescue
1%
2006World War II Combat: Road to Berlin
0.3%

You're not logged in!

Compare scores with friends on all Sporcle quizzes.
Join for Free
OR
Log In

You Might Also Like...

Show Comments

Extras

Created Jul 21, 2010ReportNominate
Tags:Video Games Quiz

Top Quizzes Today


Score Distribution

Your Account Isn't Verified!

In order to create a playlist on Sporcle, you need to verify the email address you used during registration. Go to your Sporcle Settings to finish the process.

Report this User

Report this user for behavior that violates our Community Guidelines.

Details: